Loading...

Shakespeare in Indian languages/

Bibliographic Details
Other Authors: Shankar D A (ed.)
Format: Printed Book
Published: Simla: Indian Institute of Advanced Study, 1999.
Subjects:
LEADER 00624nam a22001691a 4500
020 |a 9788185952659 
082 |a 822.33  |b SHA/S 
245 |a Shakespeare in Indian languages/  |c edited by Shankar D A 
260 |a Simla:  |b Indian Institute of Advanced Study,  |c 1999. 
300 |a 220p. 
650 |a Shakespeare Criticism  |9 152033 
650 |a Drama Shakespeare  |9 152034 
650 |a Literature  |9 152035 
700 |a Shankar D A (ed.)  |9 152036 
942 |c BK 
999 |c 41605  |d 41605 
952 |0 0  |1 0  |4 0  |6 822_330000000000000_SHA_S  |7 0  |9 60252  |a SSUS  |b SSUS  |d 2015-01-08  |g 300.00  |l 1  |o 822.33 SHA/S  |p 015656  |r 2017-09-19  |s 2017-08-16  |v 0.00  |w 2015-01-08  |y BK